Efektívnosť bonus-malus systému
Gespeichert in:
| 1. Verfasser: | |
|---|---|
| Weitere Verfasser: | |
| Format: | Buchkapitel |
| Sprache: | Slowakisch |
| Tags: |
Keine Tags, Fügen Sie das erste Tag hinzu!
|
MARC
| LEADER | 00000naa$a2200000$$$4500 | ||
|---|---|---|---|
| 001 | 0163071 | ||
| 005 | 20240502083401.5 | ||
| 041 | 0 | |a slo | |
| 044 | |a CZ | ||
| 245 | 1 | 0 | |a Efektívnosť bonus-malus systému |c Valéria Skřivánková, Jozef Fecenko |
| 100 | 1 | |a Skřivánková, Valéria | |
| 700 | 1 | |a Fecenko, Jozef | |